MARC

LEADER 00000nam0a2200000 4500
001 196150
005 20231101224655.0
010 |b 10000 экз. 
035 |a (RuTPU)RU\TPU\book\213991 
090 |a 196150 
100 |a 20110519d1925 km y0rusy50 ca 
101 0 |a rus 
102 |a RU 
105 |a a z 001zy 
200 1 |a Почему нужен высокоомный телефон  |f В. В. Ширков  |g Общество друзей радио РСФСР 
210 |a Москва  |c Изд-во "Связь" и ОДР РСФСР  |d 1925 
215 |a 18 с.  |c ил. 
316 |5 63413507: ШкА/2340  |a На обложке дарственная надпись: "В библиотеку ТТИ от В. В. Ширкова" 
606 1 |a Телефонная связь высокочастотная  |2 stltpush  |3 (RuTPU)RU\TPU\subj\59315  |9 76875 
610 1 |a труды учёных ТПУ 
610 1 |a дарственная надпись 
610 1 |a телефония 
610 1 |a телефонное дело 
610 1 |a коллекция ТПУ 
610 1 |a дары автора 
610 1 |a дары библиотеке 
675 |a 621.395.4  |v 3 
700 1 |a Ширков  |b В. В.  |c специалист в области электротехники  |c заведующий кафедрой Томского технологического института, полковник  |f 1891-1958  |g Василий Васильевич  |2 stltpush  |3 (RuTPU)RU\TPU\pers\7983 
712 0 2 |a Общество друзей радио РСФСР 
801 1 |a RU  |b 63413507  |c 20110519 
801 2 |a RU  |b 63413507  |c 20191112  |g RCR 
942 |c BK